Statistiques concernant Drapeaux des dépendances et territoires du monde

Cliquez ici pour prendre le quiz!

Statistiques générales

  • Ce quiz a été pris 566 fois
  • Le résultat moyen est 15 sur 36

Statistiques - réponses

Réponse% Correct
Hong Kong
93%
Groenland
90%
Îles Féroé
87%
Porto Rico
84%
Guam
78%
Macao
73%
Îles Vierges des États-Unis
68%
Îles Cook
67%
Niue
67%
Samoa américaines
65%
Tibet
65%
Îles Cocos
60%
Île Christmas
56%
Île Norfolk
53%
Îles Åland
53%
Îles Mariannes du Nord
47%
Tokelau
47%
Kurdistan
46%
Zanzibar
41%
Açores
30%
Niévès
28%
Crimée
27%
Madère
27%
Bougainville
22%
Ceuta
21%
Azad Cachemire
17%
Melilla
16%
Turkestan oriental
14%
Karakalpakstan
11%
Mont-Athos
11%
Voïvodine
11%
Papouasie occidentale
10%
Puntland
9%
Adjarie
8%
Gagaouzie
6%
Bangsamoro
5%

Distribution des résultats

Percentile par nombre de réponses

% des personnes avec chaque résultat

Votre développement - résultats

Vous n’avez pas pris ce quiz